Countries in Europe: Ireland < ? < Italy - Statistics

General Stats
  • This quiz has been taken 398 times
  • The average score is 10 of 11
Answer Stats
% Correct
Portugal
96%
Hungary
92%
Greece
91%
United Kingdom
91%
Austria
90%
Bulgaria
90%
Romania
90%
Czech Republic
89%
Serbia
89%
Belarus
87%
Iceland
73%
No matching quizzes found
Score Distribution
Percent of People with Each Score
Percentile by Number Answered
Your Score History
You have not taken this quiz